Vendée Globe - Tous les participants - Statistiques

Statistiques générales
  • Ce quiz a été pris 45 fois
  • Le résultat moyen est 86 sur 240
Statistiques - réponses
Edition Classement Bateau Pays Skipper % Correct
6e édition (2008-2009) 2e en 89j 9h 35min Brit Air France Armel Le Cléac'h
100%
7e édition (2012-2013) 2e en 78j 5h 33min Banque Populaire France Armel Le Cléac'h
100%
8e édition (2016-2017) 1er en 74j 3h 36min Banque Populaire France Armel Le Cléac'h
100%
7e édition (2012-2013) 1e en 78j 2h 16min Macif France François Gabart
89%
7e édition (2012-2013) 5e en 88j 12min Synerciel France Jeam Le Cam
89%
5e édition (2004-2005) 2e en 87j 17h 20min Bonduelle France Jean Le Cam
89%
6e édition (2008-2009) Abandon VM Materiaux France Jean Le Cam
89%
8e édition (2016-2017) 6e en 80j 4h 42min Finistère Mer Vent France Jean Le Cam
89%
9e édition (2020-2021) 4e en 80j 13h 44min Yes We Cam ! France Jean Le Cam
89%
10e édition (2024-2025) 20e en 85j 15 51min Tout Commence en Finistère-Armor-lux France Jean Le Cam
89%
6e édition (2008-2009) 7e en 105j 2h 33min Akena Verandas France Arnaud Boissières
78%
7e édition (2012-2013) 8e en 91j 2h 9min Akena Verandas France Arnaud Boissières
78%
8e édition (2016-2017) 10e en 102j 20h 24min La Mie Câline France Arnaud Boissières
78%
9e édition (2020-2021) 15e en 94j 18h 36min La Mie Câline-Artisans Artipôle France Arnaud Boissières
78%
10e édition (2024-2025) Abandon La Mie Câline France Arnaud Boissières
78%
7e édition (2012-2013) Abandon Bureau Vallée France Louis Burton
78%
8e édition (2016-2017) 7e en 87j 19h 46min Bureau Vallée France Louis Burton
78%
9e édition (2020-2021) 3e en 80j 10h 25min Bureau Vallée France Louis Burton
78%
10e édition (2024-2025) Abandon Bureau Vallée France Louis Burton
78%
9e édition (2020-2021) 10e en 82j 14h 30min V and B - Mayenne France Maxime Sorel
78%
10e édition (2024-2025) Abandon V and B-Monbana-Mayenne France Maxime Sorel
78%
1er édition (1989-1990) 1er en 109j 8h 48min Écureuil d'Aquitaine France Titouan Lamazou
78%
9e édition (2020-2021) 2e en 80j 6h 15min Apivia France Charlie Dalin
67%
10e édition (2024-2025) 1er en 64j 19h 22min Macif Santé Prévoyance France Charlie Dalin
67%
9e édition (2020-2021) 12e en 87j 2h 24min Banque Populaire France Clarisse Crémer
67%
10e édition (2024-2025) 11e en 77j 15h 34min L'Occitane en Provence France Clarisse Crémer
67%
8e édition (2016-2017) 16e en 110j 1h 59min Foresight Natural Energy Nouvelle-Zélande Conrad Colman
67%
10e édition (2024-2025) 21e en 85j 16h 4min MS Amlin Nouvelle-Zélande Conrad Colman
67%
8e édition (2016-2017) Abandon Spirit of Yukoh Japon Kojiro Shiraishi
67%
9e édition (2020-2021) 16e en 94j 21h 32min DMG MORI Global One Japon Kojiro Shiraishi
67%
10e édition (2024-2025) 24e en90j 21h 34min DMG MORI Global One Japon Kojiro Shiraishi
67%
4e édition (2000-2001) 1er en 93j 3h 57min PRB France Michel Desjoyeaux
67%
6e édition (2008-2009) 1er en 84j 3h 9min Foncia France Michel Desjoyeaux
67%
6e édition (2008-2009) 4e en 95j 4h 39min Roxy Royaume-Uni Samantha Davies
67%
7e édition (2012-2013) Abandon Savéol Royaume-Uni Samantha Davies
67%
9e édition (2020-2021) Abandon Initiatives Coeur Royaume-Uni Samantha Davies
67%
10e édition (2024-2025) 13e en 80j 22h 13min Initiatives Coeur Royaume-Uni Samantha Davies
67%
6e édition (2008-2009) Abandon Aquarelle.com France Yannick Bestaven
67%
9e édition (2020-2021) 1er en 80j 3h 44min Maître Coq France Yannick Bestaven
67%
10e édition (2024-2025) Hors course Maître Coq France Yannick Bestaven
67%
8e édition (2016-2017) 12e en 105j 20h 11min La Fabrique Suisse Alan Roura
56%
9e édition (2020-2021) 17e en 95j 6h 9min La Fabrique Suisse Alan Roura
56%
10e édition (2024-2025) 18e en 84j 23h 55min Hublot Suisse Alan Roura
56%
9e édition (2020-2021) 7e en 80j 21h 58min Groupe Apicil France Damien Seguin
56%
10e édition (2024-2025) 15e en 84j 20h 31min Groupe Apicil France Damien Seguin
56%
8e édition (2016-2017) 9e en 99j 4h 56min Comme Un Seul Homme France Eric Bellion
56%
10e édition (2024-2025) Abandon Stand As One France Eric Bellion
56%
8e édition (2016-2017) 11e en 103j 21h 1min Newrest-Matmut France Fabrice Amedeo
56%
9e édition (2020-2021) Abandon Newrest-Art & Fenêtres France Fabrice Amedeo
56%
10e édition (2024-2025) 32e en 114j 1h 58min Nexans-Wewise France Fabrice Amedeo
56%
9e édition (2020-2021) 8e en 80j 22h 42min Prysmian Group Italie Giancarlo Pedote
56%
10e édition (2024-2025) 22e en 85j 20h 32min Prysmian Group Italie Giancarlo Pedote
56%
6e édition (2008-2009) Abandon Delta Dore France Jérémie Beyou
56%
7e édition (2012-2013) Abandon Maitre Coq France Jérémie Beyou
56%
8e édition (2016-2017) 3e en 78j 6h 39min Maître Coq France Jérémie Beyou
56%
9e édition (2020-2021) 13e en 89j 18h 55min Charal France Jérémie Beyou
56%
10e édition (2024-2025) 4e en 74j 12h 56min Charal France Jérémie Beyou
56%
9e édition (2020-2021) Abandon PRB France Kévin Escoffier
56%
9e édition (2020-2021) 19e en 95j 11h 37min Medallia Royaume-Uni Pip Hare
56%
10e édition (2024-2025) Abandon Medallia Royaume-Uni Pip Hare
56%
8e édition (2016-2017) 15e en 109j 22h 4min Famille Mary-Etamine du Lys France Romain Attanasio
56%
9e édition (2020-2021) 14e en 90j 2h 46min Pure-Best Western France Romain Attanasio
56%
10e édition (2024-2025) 14e en 83j 22h 48min Fortinet-Best Western France Romain Attanasio
56%
8e édition (2016-2017) 18e en 124j 12h 38min Technofirst Face Océan France Sébastien Destremau
56%
9e édition (2020-2021) Abandon Merci France Sébastien Destremau
56%
9e édition (2020-2021) Abandon Arkea Paprec France Sébastien Simon
56%
10e édition (2024-2025) 3e en 67j 12h 35min Groupe Dubreuil France Sébastien Simon
56%
8e édition (2016-2017) Abandon Le Souffle du Nord pour le Projet Imagine France Thomas Ruyant
56%
9e édition (2020-2021) 6e en 80j 15h 22min LinkedOut France Thomas Ruyant
56%
10e édition (2024-2025) 7e en 75j 16h 47min Vulnerable France Thomas Ruyant
56%
10e édition (2024-2025) 25e en 90j 22h 37min DeVenir France Violette Dorange
56%
1er édition (1989-1990) 6e en 132j 13h 1min Generali Concorde France Alain Gautier
44%
2e édition (1992-1993) 1er en 110j 2h 22min Bagages Superior France Alain Gautier
44%
5e édition (2004-2005) Abandon Hugo Boss Royaume-Uni Alex Thomson
44%
6e édition (2008-2009) Abandon Hugo Boss Royaume-Uni Alex Thomson
44%
7e édition (2012-2013) 3e en 80j 19h 23min Hugo Boss Royaume-Uni Alex Thomson
44%
8e édition (2016-2017) 2e en 74j 19h 35min Hugo Boss Royaume-Uni Alex Thomson
44%
9e édition (2020-2021) Abandon Hugo Boss Royaume-Uni Alex Thomson
44%
10e édition (2024-2025) 28e en 96j 1h Human Immobilier France Antoine Cornic
44%
9e édition (2020-2021) 11e en 84j 19h 7min L'Occitane en Provence France Armel Tripon
44%
9e édition (2020-2021) 9e en 81j 19h 45min OMIA-Water Family France Benjamin Dutreux
44%
10e édition (2024-2025) 10e en 77j 3h 39min Guyot Environnement-Water Family France Benjamin Dutreux
44%
8e édition (2016-2017) 14e en 108j 19h 51min One Planet One Ocean Espagne Didac Costa
44%
9e édition (2020-2021) 20e en 97j 6h 27min One Planet One Ocean Espagne Didac Costa
44%
9e édition (2020-2021) Abandon MACSF France Isabelle Joschke
44%
10e édition (2024-2025) 19e en 85j 11h 26min MACSF France Isabelle Joschke
44%
5e édition (2004-2005) 6e en 98j 3h 49min Virbac-Paprec France Jean-Pierre Dick
44%
6e édition (2008-2009) Abandon Paprec-Virbac II France Jean-Pierre Dick
44%
7e édition (2012-2013) 4e en 86j 3h 3min Paprec-Virbac III France Jean-Pierre Dick
44%
8e édition (2016-2017) 4e en 80j 1h 46min St Mickel-Virbac France Jean-Pierre Dick
44%
10e édition (2024-2025) 8e en 76j 1h 36min TeamWork-Team Snef Suisse Justine Metraux
44%
10e édition (2024-2025) 26e en 91j 8min Fives Group-Lantana Environnement France Louis Duc
44%
2e édition (1992-1993) 5e en 114j 21h 9min K&H Bank Matav Hongrie Nandor Fa
44%
3e édition (1996-1997) Abandon Budapest Hongrie Nandor Fa
44%
8e édition (2016-2017) 8e en 93j 22h 52min Spirit of Hungary Hongrie Nandor Fa
44%
10e édition (2024-2025) 6e en 75j 7h 49min Holcim-PRB France Nicolas Lunven
44%
9e édition (2020-2021) Abandon Corum l'Epargne France Nicolas Troussel
44%
10e édition (2024-2025) 29e en 99j 5h 27min Tut gut Suisse Olivier Heer
44%
8e édition (2016-2017) Abandon SMA France Paul Meilhat
44%
10e édition (2024-2025) 5e en 74j 22h 38min Biotherm France Paul Meilhat
44%
8e édition (2016-2017) Abandon Compagnie du lit/Boulogne-Billancourt France Stéphane Le Diraison
44%
9e édition (2020-2021) 18e en 95j 8h 16min Time for Oceans France Stéphane Le Diraison
44%
10e édition (2024-2025) 17e en 84j 23h 35min Lazare France Tanguy Le Turquais
44%
5e édition (2004-2005) 1er en 87j 10h 47min PRB France Vincent Riou
44%
6e édition (2008-2009) Reclassé 3e PRB France Vincent Riou
44%
7e édition (2012-2013) Abandon PRB France Vincent Riou
44%
8e édition (2016-2017) Abandon PRB France Vincent Riou
44%
10e édition (2024-2025) 2e en 65j 18h 10min Paprec Arkea France Yoann Richomme
44%
9e édition (2020-2021) 24e en 111j 17h 3min TSE-4myplanet France Alexia Barrier
33%
9e édition (2020-2021) 25e en 116j 18h 15min Stark Finlande Ari Huusela
33%
10e édition (2024-2025) 16e en 84j 23h 19min Monnoyeur-Duo for a Job France Benjamin Férré
33%
2e édition (1992-1993) Abandon Groupe LG France Bertrand De Broc
33%
3e édition (1996-1997) Abandon Votre Nom Autour Du Monde France Bertrand De Broc
33%
7e édition (2012-2013) 9e en 92j 17h 10min Votre Nom Autour du Monde France Bertrand De Broc
33%
8e édition (2016-2017) Abandon MACSF France Bertrand De Broc
33%
9e édition (2020-2021) 5e en 80j 14h 59min SeaExplorer-Yacht Club de Monaco Allemagne Boris Herrmann
33%
10e édition (2024-2025) 12e en 80j 10h 16min Malizia-Seaexplorer Allemagne Boris Herrmann
33%
9e édition (2020-2021) 21e en 99j 20h 8min Compagnie du lit-Jiliti France Clément Giraud
33%
4e édition (2000-2001) 5e en 105j 2h 45min Union Bancaire Privée Suisse Dominique Wavre
33%
5e édition (2004-2005) 4e en 92j 17h 13min Temenos Suisse Dominique Wavre
33%
6e édition (2008-2009) Abandon Temenos II Suisse Dominique Wavre
33%
7e édition (2012-2013) 7e en 90j 3h 14min Mirabaud Suisse Dominique Wavre
33%
4e édition (2000-2001) 2e en 94j 4h 25min Kingfisher Royaume-Uni Ellen MacArthur
33%
8e édition (2016-2017) Abandon Kilcullen Voyager Team Ireland Ireland Enca O'Coineen
33%
3e édition (1996-1997) Disparu en mer Groupe LG 2 Canada Gerry Roufs
33%
10e édition (2024-2025) 23e en 89j 20h 16min Freelance.com France Guirec Soudée
33%
10e édition (2024-2025) 30e en 99j 20h 6min Singchain Team Haikou Chine Jingkun Xu
33%
6e édition (2008-2009) Abandon Groupe Bel France Kito De Pavant
33%
7e édition (2012-2013) Abandon Groupe Bel France Kito De Pavant
33%
8e édition (2016-2017) Abandon Bastide Otio France Kito De Pavant
33%
9e édition (2020-2021) 23e en 103j 18h 15min Groupe Sétin France Manuel Cousin
33%
10e édition (2024-2025) 31e en 111j 38min Coup de Pouce France Manuel Cousin
33%
4e édition (2000-2001) 7e en 110j 16h 22min Team Group 4 Royaume-Uni Mike Golding
33%
5e édition (2004-2005) 3e en 88j 15h 15min Ecover Royaume-Uni Mike Golding
33%
6e édition (2008-2009) Abandon Ecover Royaume-Uni Mike Golding
33%
7e édition (2012-2013) 6e en 88j 6h 36min Gamesa Royaume-Uni Mike Golding
33%
1er édition (1989-1990) Disqualifié Duracell Etats-Unis Mike Plant
33%
2e édition (1992-1993) Disparu en mer Coyote Etats-Unis Mike Plant
33%
9e édition (2020-2021) 22e en 101j 8h 56min Campagne de France Royaume-Uni Miranda Merron
33%
8e édition (2016-2017) Abandon Safran France Morgan Lagravière
33%
1er édition (1989-1990) Abandon Fleury-Michon X France Philippe Poupon
33%
2e édition (1992-1993) 3e en 117j 3h 34min Fleury-Michon X France Philippe Poupon
33%
6e édition (2008-2009) 9e en 121j 36min Great America III Etats-Unis Rich Wilson
33%
8e édition (2016-2017) 13e en 107j 48min Great American IV Etats-Unis Rich Wilson
33%
10e édition (2024-2025) 9e en 76j 2h 1min Vulnerable Royaume-Uni Sam Goodchild
33%
5e édition (2004-2005) 5e en 93j 2min VMI France Sébastien Josse
33%
6e édition (2008-2009) Abandon BT France Sébastien Josse
33%
8e édition (2016-2017) Abandon Edmond de Rothschild France Sébastien Josse
33%
10e édition (2024-2025) 27e en 91j 35min Foussier France Sébastien Marsset
33%
7e édition (2012-2013) 10e en 98j 21h 56min Initiaves Coeur France Tanguy De Lamotte
33%
8e édition (2016-2017) Abandon Initiatives Coeur France Tanguy De Lamotte
33%
6e édition (2008-2009) Abandon Generali France Yann Eliès
33%
8e édition (2016-2017) 5e en 80j 3h 11min Quéguiner-Leucémie Espoir France Yann Eliès
33%
7e édition (2012-2013) 11e en 104j 2h 34min Team Plastique Italie Alessandro Di Benedetto
22%
4e édition (2000-2001) Abandon Armor Lux/foies Gras Bizac Suisse Bernard Stamm
22%
6e édition (2008-2009) Abandon Cheminées Poujoulat Suisse Bernard Stamm
22%
7e édition (2012-2013) Disqualifié Cheminées Poujoulat Suisse Bernard Stamm
22%
6e édition (2008-2009) 5e en 98j 20h 29min Bahrain Team Pindar Royaume-Uni Brian Thompson
22%
3e édition (1996-1997) 6e en 140j 4h 38min Whirlpool-Europe 2 France Catherine Chabaud
22%
4e édition (2000-2001) Abandon Whirlpool France Catherine Chabaud
22%
3e édition (1996-1997) Abandon PRB France Isabelle Autissier
22%
4e édition (2000-2001) Abandon Old Spice Espagne Javier Sanso
22%
7e édition (2012-2013) Abandon Acciona 100% Ecopowered Espagne Javier Sanso
22%
1er édition (1989-1990) 2e en 110j 1h 18min Lada Poch France Loïck Peyron
22%
2e édition (1992-1993) Abandon Fujicolor III France Loïck Peyron
22%
6e édition (2008-2009) Abandon Gitana Eighty France Loïck Peyron
22%
6e édition (2008-2009) 3e en 95j 9h 35min Safran France Marc Guillemot
22%
7e édition (2012-2013) Abandon Safran France Marc Guillemot
22%
3e édition (1996-1997) 2e en 113j 8h 26min Crédit Immobilier de France France Marc Thiercelin
22%
4e édition (2000-2001) 4e en 102j 20h 37min Active Wear France Marc Thiercelin
22%
5e édition (2004-2005) Abandon Pro Form France Marc Thiercelin
22%
6e édition (2008-2009) Abandon DCNS France Marc Thiercelin
22%
2e édition (1992-1993) Disparu en mer Nigel Burgess Yacht-Brokers Royaume-Uni Nigel Burgess
22%
1er édition (1989-1990) 4e en 113j 23h 47min Crédit Agricole IV France Philippe Jeantot
22%
4e édition (2000-2001) 3e en 96j 1h 2min Sill Matines-La Potagère France Roland Jourdain
22%
5e édition (2004-2005) Abandon Sill et Véolia France Roland Jourdain
22%
6e édition (2008-2009) Abandon Veolia Environnement France Roland Jourdain
22%
4e édition (2000-2001) 6e en 105j 7h 24min Sodebo France Thomas Coville
22%
3e édition (1996-1997) 1er en 105j 20h 31min Geodis France Christophe Auguin
11%
6e édition (2008-2009) 6e en 99j 1h 10min Aviva Royaume-Uni Dee Caffari
11%
10e édition (2024-2025) Abandon D'Ieteren Group Belgique Denis Van Weynbergh
11%
8e édition (2016-2017) 17e en 116j 9H 24min No Way Back Pays-Bas Pieter Heerema
11%
3e édition (1996-1997) Parti hors course Algimouss France Raphaël Dinelli
11%
4e édition (2000-2001) Abandon Sogal Extenso France Raphaël Dinelli
11%
5e édition (2004-2005) 12e en 125j 4h 7min Akena Verandas France Raphaël Dinelli
11%
6e édition (2008-2009) 10e en 125j 2h 32min Fondation Océan Vital France Raphaël Dinelli
11%
10e édition (2024-2025) Abandon New Europe Hongrie Szabolcs Weöres
11%
2e édition (1992-1993) 4e en 125j 2h 42min Cacolac d'Aquitaine France Yves Parlier
11%
3e édition (1996-1997) Abandon Aquitaine Innovations France Yves Parlier
11%
4e édition (2000-2001) 13e en 126j 23h 36min Aquitaine Innovations France Yves Parlier
11%
2e édition (1992-1993) Abandon Cardiff Discovery Royaume-Uni Alan Wynne-Thomas
0%
5e édition (2004-2005) 11e en 119j 5h 28min Roxy France Anne Liardet
0%
5e édition (2004-2005) 10e en 116j 1h 6min MAX Havelaar/Best Western France Benoît Parnaudeau
0%
2e édition (1992-1993) Hors Course Vuarnet Watches France/Suisse Bernard Gallay
0%
4e édition (2000-2001) 8e en 111j 16h 7min Voilà.fr France/Suisse Bernard Gallay
0%
1er édition (1989-1990) Abandon Grinaker Afrique du Sud Bertie Reed
0%
5e édition (2004-2005) 9e en 109j 19h 58min Ocean Planet Etats-Unis Bruce Schwab
0%
5e édition (2004-2005) 7e en 104j 14h 32min Hellomoto Royaume-Uni Conrad Humpherys
0%
6e édition (2008-2009) Abandon Algimouss-Spirit of Canada Canada Derek Hatfield
0%
3e édition (1996-1997) Abandon Club 60° Sud France Didier Munduteguy
0%
4e édition (2000-2001) 14e en 135j 15h 17min DDP/60° Sud France Didier Munduteguy
0%
3e édition (1996-1997) 4e en 116j 16h 43min Café Legal-Le Goût France Eric Dumont
0%
4e édition (2000-2001) Abandon Euroka Services France Eric Dumont
0%
4e édition (2000-2001) Abandon Modern University for the Humanities Russie Fedor Konioukhov
0%
1er édition (1989-1990) Abandon O'Kay France Guy Bernardin
0%
3e édition (1996-1997) 3e en 114j 16h 43min Groupe LG-Traimat France Hervé Laurent
0%
5e édition (2004-2005) Abandon UUDS France Hervé Laurent
0%
6e édition (2008-2009) Abandon Maisonneuve France Jean-Baptiste Dejeanty
0%
1er édition (1989-1990) 7e en 163j 1h 19min Cacharel France Jean-François Coste
0%
1er édition (1989-1990) 3e en 112j 1h 14min 36.15 MET France Jean-Luc Van Den Heede
0%
2e édition (1992-1993) 2e en 116j 15h 1min Groupe Sofap-Helvim France Jean-Luc Van Den Heede
0%
2e édition (1992-1993) 7e en 153j 5h 14min PRB/Solo Nantes France Jean-Yves Hasselin
0%
1er édition (1989-1990) Abandon UAP 1992 France Jean-Yves Terlain
0%
4e édition (2000-2001) 10e en 115j 16h 46min Nord-Pas-de-Calais/Chocolats du monde France Joé Seeten
0%
5e édition (2004-2005) 8e en 104j 23h 2min Arcelor-Dunkerque France Joé Seeten
0%
6e édition (2008-2009) Abandon Artemis Royaume-Uni Jonny Malbon
0%
2e édition (1992-1993) 6e en 135j 6h 4min BBK Euskadi Europa 93 Espagne José Luis De Ugarte
0%
4e édition (2000-2001) 9e en 111j 19h 48min Gartmore Royaume-Uni Josh Hall
0%
5e édition (2004-2005) 13e en 126j 8h 2min Benefic France Karen Leibovici
0%
5e édition (2004-2005) Abandon Skandia Australie Nick Moloney
0%
5e édition (2004-2005) Abandon Brother Autriche Norbert Sedlacek
0%
6e édition (2008-2009) 11e en 126j 5h 31min Nauticsport-Kapsch Autriche Norbert Sedlacek
0%
4e édition (2000-2001) 15e en 158j 2h 37min Wind Telecommunicazioni Italie Pasquale De Gregorio
0%
1er édition (1989-1990) Abandon Le Nouvel Observateur France Patrice Carpentier
0%
4e édition (2000-2001) 11e en 116j 32min VM Matériaux France Patrice Carpentier
0%
5e édition (2004-2005) Abandon VM Matériaux France Patrice Carpentier
0%
3e édition (1996-1997) Abandon Afibel Belgique Patrick De Radigues
0%
4e édition (2000-2001) Abandon La Libre Belgique Belgique Patrick De Radigues
0%
3e édition (1996-1997) 5e en 126j 21h 25min Aqua Quorum Royaume-Uni Pete Goss
0%
1er édition (1989-1990) 5e en 114j 21h 9min TBS-Charente Maritime France Pierre Follenfant
0%
4e édition (2000-2001) Abandon This Time-Argos-Help for Autistic Children Royaume-Uni Richard Tolkien
0%
4e édition (2000-2001) 12e en 121j 1h 28min Aquarelle.com Italie Simone Bianchetti
0%
6e édition (2008-2009) 8e en 109j 36min Toe in the Water Royaume-Uni Steve White
0%
2e édition (1992-1993) Abandon Maitre Coq-Le Monde Informatique France Thierry Arnaud
0%
3e édition (1996-1997) Abandon Pour Amnesty International France Thierry Dubois
0%
4e édition (2000-2001) Abandon Solidaires France Thierry Dubois
0%
3e édition (1996-1997) Abandon Exide Challenger Royaume-Uni Tony Bullimore
0%
6e édition (2008-2009) Abandon Pakea Bizkaia Espagne Unai Basurko
0%
2e édition (1992-1993) Abandon Everlast Neil Pryde Sails Italie Vittorio Malingri
0%
7e édition (2012-2013) Abandon Energa Pologne Zbigniew Gutkowski
0%
Aucun quiz correspondant
Distribution des résultats
% des personnes avec chaque résultat
Percentile par nombre de réponses
Votre historique - résultats
Vous n’avez pas pris ce quiz